000 00714nam a2200193Ia 4500
003 GCL
008 140319s9999 xx 000 0 ara d
040 _aGCL /
_cGCL
082 0 4 _a624.17
_bع م
100 1 _aعماد محمد عدنان تنبكجى
245 1 0 _aمفهوم العلوم الهندسية والمعطيات الاساسية للعملية الانشائية /
_cعماد محمد عدنان تنبكجى
300 _a100 ص
490 _aمختصر العلوم الهندسية
_v0
650 0 4 _aالهندسة
650 0 4 _aالهندسة الانشائية
650 0 4 _aالهندسة الانشائية - نظريات
650 0 4 _aالتحليل الانشائى
942 _2ddc
_cBK
999 _c49918
_d49918